<?xml version="1.0" encoding="UTF-8"?>
<record
    xmlns:xsi="http://www.w3.org/2001/XMLSchema-instance"
    xsi:schemaLocation="http://www.loc.gov/MARC21/slim http://www.loc.gov/standards/marcxml/schema/MARC21slim.xsd"
    xmlns="http://www.loc.gov/MARC21/slim">

  <leader>02263nam a2200265Ia 4500</leader>
  <controlfield tag="003">OSt</controlfield>
  <controlfield tag="005">20210913170538.0</controlfield>
  <controlfield tag="008">210310s1992    ck     gr     000 0 spa d</controlfield>
  <datafield tag="020" ind1=" " ind2=" ">
    <subfield code="a">9589272134</subfield>
  </datafield>
  <datafield tag="040" ind1=" " ind2=" ">
    <subfield code="a">CO-JMCR</subfield>
    <subfield code="c">CO-JMCR</subfield>
  </datafield>
  <datafield tag="041" ind1=" " ind2=" ">
    <subfield code="a">spa</subfield>
  </datafield>
  <datafield tag="082" ind1="0" ind2="4">
    <subfield code="a">338.064 /</subfield>
    <subfield code="b">Z583a</subfield>
    <subfield code="2">23</subfield>
  </datafield>
  <datafield tag="100" ind1="1" ind2=" ">
    <subfield code="a">Zerda &#xC1;lvaro, </subfield>
    <subfield code="e">autor </subfield>
    <subfield code="9">28322</subfield>
  </datafield>
  <datafield tag="245" ind1="1" ind2="0">
    <subfield code="a">Apertura, nuevas tecnolog&#xED;as y empleo /</subfield>
    <subfield code="c">Alvaro Zaerda ; pr&#xF3;logo de Gabriel Misas</subfield>
  </datafield>
  <datafield tag="260" ind1=" " ind2=" ">
    <subfield code="a">Bogot&#xE1; : </subfield>
    <subfield code="b">Tercer Mundo, </subfield>
    <subfield code="c">1992.</subfield>
  </datafield>
  <datafield tag="300" ind1=" " ind2=" ">
    <subfield code="a">194 p&#xE1;ginas ; </subfield>
    <subfield code="c">22 cm.</subfield>
  </datafield>
  <datafield tag="500" ind1=" " ind2=" ">
    <subfield code="a">Incluye datos biogr&#xE1;ficos del autor en tapa posterior y notas a pie de p&#xE1;gina.</subfield>
  </datafield>
  <datafield tag="505" ind1="0" ind2=" ">
    <subfield code="a">Apertura econ&#xF3;mica y reestructuraci&#xF3;n de la industria manufacturera colombiana. -- Una visi&#xF3;n panor&#xE1;mica del actual proceso de innovaci&#xF3;n tecnol&#xF3;gica y de sus impactos sobre el empleo. -- La cuesti&#xF3;n tecnol&#xF3;gica en los pa&#xED;ses en desarrollo. -- Nuevas tecnolog&#xED;as. Un an&#xE1;lisis alternativo de su naturaleza y de su incidencia sobre el empleo y la calificaci&#xF3;n del trabajo. -- Inserci&#xF3;n de las nuevas tecnolog&#xED;as en la industria manufacturera colombiana y sus impactos sobre el empleo y la calificaci&#xF3;n del trabajo. -- Las instituciones del cambio. </subfield>
  </datafield>
  <datafield tag="520" ind1="0" ind2=" ">
    <subfield code="a">&#xBF;Qu&#xE9; y cu&#xE1;les son las nuevas tecnolog&#xED;as vigentes mundialmente? &#xBF;Cu&#xE1;les son sus consecuencias sobre el empleo y la calificaci&#xF3;n del trabajo? &#xBF;Hasta d&#xF3;nde han penetrado y qu&#xE9; posibilidades de &#xE9;xito tiene su aplicaci&#xF3;n a los procesos productivos en el pa&#xED;s? &#xBF;Cu&#xE1; les ser&#xE1;n sus consecuencias sobre el empleo y la calificaci&#xF3;n del trabajo? &#xBF;Qu&#xE9; incidencia tendr&#xE1; sobre estos aspectos el modelo adoptado por la ad ministraci&#xF3;n Gaviria? &#xBF;Qu&#xE9; acciones deben adelantar tanto el Estado como los empresarios y trabajadores para sacar el mayor provecho posible de la modernizaci&#xF3;n empresarial? Estos son algunos interrogantes a los que se bus ca dar respuesta en este libro, a la luz de reflexiones te&#xF3;ricas, del examen de estudios de caso adelantados por investigadores sociales y de algunos c&#xE1;lculos y an&#xE1;lisis realizados por el autor.</subfield>
  </datafield>
  <datafield tag="650" ind1="1" ind2="4">
    <subfield code="a">Apertura econ&#xF3;mica </subfield>
    <subfield code="9">2295</subfield>
  </datafield>
  <datafield tag="650" ind1="2" ind2="4">
    <subfield code="a">Visi&#xF3;n panor&#xE1;mica </subfield>
    <subfield code="9">40309</subfield>
  </datafield>
  <datafield tag="650" ind1="2" ind2="4">
    <subfield code="a">Manufactura </subfield>
    <subfield code="z">Colombia</subfield>
    <subfield code="9">40310</subfield>
  </datafield>
  <datafield tag="700" ind1="1" ind2=" ">
    <subfield code="a">Misas, Gabriel, </subfield>
    <subfield code="e">prologuista </subfield>
    <subfield code="9">40311</subfield>
  </datafield>
  <datafield tag="942" ind1=" " ind2=" ">
    <subfield code="2">ddc</subfield>
    <subfield code="c">BK</subfield>
  </datafield>
  <datafield tag="999" ind1=" " ind2=" ">
    <subfield code="c">12469</subfield>
    <subfield code="d">12469</subfield>
  </datafield>
  <datafield tag="952" ind1=" " ind2=" ">
    <subfield code="0">0</subfield>
    <subfield code="1">0</subfield>
    <subfield code="2">ddc</subfield>
    <subfield code="4">0</subfield>
    <subfield code="7">0</subfield>
    <subfield code="a">CPL</subfield>
    <subfield code="b">CPL</subfield>
    <subfield code="c">GEN</subfield>
    <subfield code="d">2018-04-15</subfield>
    <subfield code="e">Donaci&#xF3;n</subfield>
    <subfield code="o">338.064 / Z583a</subfield>
    <subfield code="p">430005280</subfield>
    <subfield code="r">2024-05-16 00:00:00</subfield>
    <subfield code="t">Ej.1</subfield>
    <subfield code="w">2021-03-10</subfield>
    <subfield code="y">BK</subfield>
  </datafield>
</record>
